Logo Biblioteca

Cien años de soledad / (Registro nro. 890)

Detalles MARC
000 -LEADER
fixed length control field 01696nam a22002777a 4500
003 - CONTROL NUMBER IDENTIFIER
control field AR-RoUNCS
005 - DATE AND TIME OF LATEST TRANSACTION
control field 20260209143338.0
008 - FIXED-LENGTH DATA ELEMENTS--GENERAL INFORMATION
fixed length control field 160722s2015 ag gr 001 f spa
015 ## - NATIONAL BIBLIOGRAPHY NUMBER
National bibliography number AR-2015
020 ## - INTERNATIONAL STANDARD BOOK NUMBER
International Standard Book Number 978-950-07-5166-7
040 ## - CATALOGING SOURCE
Original cataloging agency AR-BaBN
Language of cataloging spa
Transcribing agency AR-RoUNCS
Description conventions aacr
044 ## - COUNTRY OF PUBLISHING/PRODUCING ENTITY CODE
MARC country code ag
ISO country code ar-c
080 1# - UNIVERSAL DECIMAL CLASSIFICATION NUMBER
Universal Decimal Classification number 82-31(862)
Edition identifier 2016
100 1# - MAIN ENTRY--PERSONAL NAME
Personal name García Márquez, Gabriel,
Dates associated with a name 1927-2014
Relator term autor
Relationship aut
245 10 - TITLE STATEMENT
Title Cien años de soledad /
Statement of responsibility, etc. Gabriel García Márquez.
246 13 - VARYING FORM OF TITLE
Title proper/short title 100 años de soledad
260 ## - PUBLICATION, DISTRIBUTION, ETC.
Place of publication, distribution, etc. Buenos Aires :
Name of publisher, distributor, etc. Sudamericana,
Date of publication, distribution, etc. 2015.
300 ## - PHYSICAL DESCRIPTION
Extent 495 p. ;
Dimensions 22 cm.
490 0# - SERIES STATEMENT
Series statement Colección Premio Nobel de Literatura
490 0# - SERIES STATEMENT
Series statement Biblioteca Gabriel García Márquez
520 3# - SUMMARY, ETC.
Summary, etc. «Muchos años después, frente al pelotón de fusilamiento, el coronel Aureliano Buendía había de recordar aquella tarde remota en que su padre lo llevó a conocer el hielo.»<br/><br/> <br/><br/>Con esta cita comienza una de las novelas más importantes del siglo XX y una de las aventuras literarias más fascinantes de todos los tiempos. Millones de ejemplares de Cien años de soledad leídos en todas las lenguas y el premio Nobel de Literatura coronando una obra que se había abierto paso «boca a boca» -como gustaba decir el escritor- son la más palpable demostración de que la aventura fabulosa de la familia Buendía-Iguarán, con sus milagros, fantasías, obsesiones, tragedias, incestos, adulterios, rebeldías, descubrimientos y condenas, representaba al mismo tiempo el mito y la historia, la tragedia y el amor del mundo entero.<br/><br/>
650 #7 - SUBJECT ADDED ENTRY--TOPICAL TERM
Source of heading or term embne
Topical term or geographic name entry element Literatura colombiana
650 #7 - SUBJECT ADDED ENTRY--TOPICAL TERM
Source of heading or term embne
Topical term or geographic name entry element Realismo mágico (Literatura)
655 #7 - INDEX TERM--GENRE/FORM
Genre/form data or focus term Novelas
Source of term embne
942 ## - ADDED ENTRY ELEMENTS (KOHA)
Source of classification or shelving scheme Universal Decimal Classification
Koha item type Libro de préstamo a domicilio
Suppress in OPAC No
Existencias
Withdrawn status Lost status Source of classification or shelving scheme Damaged status Not for loan Collection Home library Current library Date acquired Source of acquisition Total checkouts Full call number Barcode Date due Date last seen Date last checked out Price effective from Koha item type
    Universal Decimal Classification     Colección General Biblioteca Escuela de Ciencias Sociales Biblioteca Escuela de Ciencias Sociales 09/02/2026 Donación 2023 1 82-31(862) G216 000153 06/05/2026 22/04/2026 22/04/2026 09/02/2026 Libro de préstamo a domicilio
Biblioteca de la Escuela Preuniversitaria en Ciencias Sociales y Humanísticas.
Riobamba 250 bis.
CP 2000 - Rosario - Santa Fe
E-Mail: biblioteca@esociales.unr.edu.ar